Plans d'ordenació forestal en boscos de titularitat municipal
ISBN:
978-84-9803-244-4
Publicado:
Barcelona :
Diputació de Barcelona. Àrea d'Espais Naturals. Oficina Tècnica de Prevenció Municipal d'Incendis Forestals ,
2007
Descripción Física:
125 p. : map. ; 30 cm
Colección:
Documents de treball. Territori ; 1
MARC
| LEADER | 00000nam a2200000Ia 4500 | ||
|---|---|---|---|
| 001 | 19636 | ||
| 008 | 160829s2007 xx 000 0 cat d | ||
| 020 | |a 978-84-9803-244-4 | ||
| 080 | |a C-3-20 | ||
| 245 | |a Plans d'ordenació forestal en boscos de titularitat municipal | ||
| 260 | |a Barcelona : |b Diputació de Barcelona. Àrea d'Espais Naturals. Oficina Tècnica de Prevenció Municipal d'Incendis Forestals, |c 2007 | ||
| 300 | |a 125 p. : |b map. ; |c 30 cm | ||
| 490 | |a Documents de treball. Territori ; 1 | ||
| 650 | |a Ordenació del paisatge |x Catalunya |9 40099 | ||
| 650 | 0 | |a Boscos i silvicultura |x Catalunya |9 49830 | |
| 650 | |a Catalunya |x Política forestal |9 45020 | ||
| 710 | |a Barcelona (Catalunya : Província). |b Oficina Tècnica de Prevenció Municipal d'Incendis Forestals |9 9456 | ||
| 901 | |a Arxiu | ||
| 942 | |n 1 | ||
| 952 | |0 0 |1 0 |4 0 |6 C320 |7 1 |9 49418 |a Arxiu |b Arxiu |d 2016-12-01 |l 0 |o C-3-20 |p 19636 |r 2016-12-01 00:00:00 |w 2016-12-01 |y ARXIU | ||
| 999 | |c 53260 |d 53260 | ||